| 000 | 00605nam a2200205 u 4500 | ||
|---|---|---|---|
| 005 | 20260415064231.0 | ||
| 008 | 161014s1993 r 000 0 eng d | ||
| 020 | _a0801110807 | ||
| 035 | _aUPN01000213963 | ||
| 049 | _aCG | ||
| 050 | 4 |
_aLB1561 _bG8.5 |
|
| 245 | 0 | 0 |
_aGuide and criteria for program quality review : _belementary. |
| 260 |
_aSacramento, Calif. : _bCalifornia Department of Education, _c1993. |
||
| 300 | _a229 p. | ||
| 650 | 4 |
_aEducación primaria _91552 |
|
| 650 | 4 |
_aEvaluación educativa _94298 |
|
| 650 | 4 |
_aEvaluación curricular _91717 |
|
| 905 | _aLibro | ||
| 999 |
_c186063 _d186063 |
||